000 00561cam a2200217 4500
008 000000n1996 000 0 eng u
020 _a0752002813
035 _a(Sirsi) u109414
050 _a346.41013
100 _aO'Dempsey, Declan
245 _aDisability discrimination : the law and practice.
260 _aLondon
_bFT Law & Tax
_c1996
300 _a373p.; 24cm.
350 _a42.95
650 _aDISABILITY DISCRIMINATION ACT 1995
650 _aACCESS
650 _aEMPLOYMENT
690 _aLAW-UK
700 _aShort, Andrew
942 _n0
999 _c100938
_d100938